IAS/IFRS - Požadavky na zveřejňování
Stručné vymenovanie požiadaviek na zverejňovanie informácií, ktoré vyplývajú z jednotlivých štandardov. IFRS 2 - Úhrada akciami. Vymedzenie prípadov, vzťahujúcich sa k tomuto štandardu. Požiadavky na zverejnenie. IAS 33 - Zisk na akcii. Informácie, ktoré musí zverejniť účtovná jednotka.
Enregistré dans:
| Auteur principal: | |
|---|---|
| Format: | Chapitre de livre |
| Langue: | tchèque |
| Sujets: | |
| Tags: |
Pas de tags, Soyez le premier à ajouter un tag!
|
MARC
| LEADER | 00000naa$a2200000$$$4500 | ||
|---|---|---|---|
| 001 | 0046116 | ||
| 005 | 20230925085549.0 | ||
| 041 | 0 | |a cze | |
| 044 | |a CZ | ||
| 245 | 1 | 0 | |a IAS/IFRS - Požadavky na zveřejňování |c Vladimír Hruška |
| 520 | |a Stručné vymenovanie požiadaviek na zverejňovanie informácií, ktoré vyplývajú z jednotlivých štandardov. IFRS 2 - Úhrada akciami. Vymedzenie prípadov, vzťahujúcich sa k tomuto štandardu. Požiadavky na zverejnenie. IAS 33 - Zisk na akcii. Informácie, ktoré musí zverejniť účtovná jednotka. | ||
| 610 | 2 | 0 | |a štandardy účtovné medzinárodné |
| 610 | 2 | 0 | |a výkazníctvo finančné |
| 610 | 2 | 0 | |a závierka účtovná |
| 610 | 2 | 0 | |a jednotka účtovná |
| 610 | 2 | 0 | |a informácie |
| 610 | 2 | 0 | |a výkazy účtovné |
| 610 | 2 | 0 | |a akcie |
| 610 | 2 | 0 | |a zisk |
| 610 | 2 | 0 | |a IFRS 2 |
| 610 | 2 | 0 | |a IAS 33 |
| 100 | 1 | |a Hruška, Vladimír | |